Statistics for President James Monroe

Click here to take the quiz!

General Stats

  • This quiz has been taken 104 times
  • The average score is 9 of 16

Answer Stats

HintAnswer% Correct
Foreign policy principle, "Monroe ________"Doctrine
90%
The above prohibited colonization of the Americas by which continentEurope
87%
State in which he was bornVirginia
87%
Supported founding of this African colony for freed slavesLiberia
70%
Capital of that country which is named for himMonrovia
70%
2nd Cabinet position under MadisonSecretary of State
67%
Political partyDemocratic-Republican
60%
Monroe signed an 1820 compromise allowing this state to enter the union as a slave stateMissouri
60%
Aaron Burr intervened to stop a duel between Monroe and this statesmanAlexander Hamilton
53%
Studied law under this manThomas Jefferson
53%
Monroe died on July 4, 1831 in this cityNew York City
47%
Received his education at this schoolCollege of William and Mary
43%
The 1820 comprise allowed this state to enter the union as a free stateMaine
40%
Cabinet position under MadisonSecretary of War
37%
Wounded in the Revolutionary War Battle of -Trenton
37%
SpouseElizabeth Kortright
20%

Score Distribution

Percentile by Number Answered

Percent of People with Each Score

Your Score History

You have not taken this quiz